Ingeniería del ambito térmico

Zapisane w:
Opis bibliograficzny
1. autor: Threlkeld, James L (Autor)
Format: Książka
Język:hiszpański
Wydane: Bogotá Prentice Hall Internacional 1973
Hasła przedmiotowe:
Etykiety: Dodaj etykietę
Nie ma etykietki, Dołącz pierwszą etykiete!

MARC

LEADER 00000nam a2200000 a 4500
001 UCN9416
003 CL-VaPUC
008 011207e19730000CK |||||||||||||||||spa|d
082 0 4 |a 621.402  |b THR  |2 21 
100 0 |a Threlkeld, James L  |e author  |9 466029 
245 1 0 |a Ingeniería del ambito térmico 
300 |a 501 p 
942 |c BK 
945 |d 20011207 00:00:00  |a vberengu 
260 |a Bogotá  |b Prentice Hall Internacional  |c 1973 
650 0 |a Termotecnia  |9 260646 
650 0 |a Transmisión de calor  |9 259410 
650 0 |a Refrigeración  |9 259343 
650 7 |a REFRIGERANTES  |2 CL-VaPUC  |9 466030 
650 7 |a PSICROMETRIA  |2 CL-VaPUC  |9 431013 
650 7 |a RADIACION SOLAR  |2 CL-VaPUC  |9 350685 
583 |a last modification  |c 20011207 00:00:00  |k Rodrigo Vera 
999 |c 298849  |d 298847 
952 |0 0  |1 0  |4 0  |6 621_402000000000000_THR_1973  |7 0  |8 A  |9 354810  |a BIBMEC  |b BIBMEC  |d 2019-11-21  |i 3777596  |o 621.402 THR 1973  |p 3777596  |r 2024-01-19  |w 2019-11-21  |y BK  |k MEC